000 01674ncm0a2200397 4500
001 RU\NLR\ONIZ\209288
005 20250624195135.0
010 _a5-17-011128-2
021 _aRU
_b02-76
_902-3
035 _aRU\NLR\ONIZ\GALA\5000020910\20150313195116
035 _a(NLR Aleph) 010890126
090 _a10548082
_c10548082
100 _a20150313d2001 |||y0rusy50 ca
101 0 _arus
102 _aRU
200 1 _aНа гитаре - по слуху
_bНоты
_eсамоучитель
_e[тексты с цифр. обозначением партии сопровожд.]
_fД. Г. Парнес, С. Е. Оськина
205 _a9-е изд.
210 _aМосква
_cАСТ
_d2001
215 _a231 с.
_d20 см
300 _aАлф. список названий произв.: с. 224
606 1 _aГитара классическая
_xСамоучители
_yРоссия
_z20-21 вв.
_2nlr_sh
606 1 _aГитара классическая
_xПодбор по слуху
_yРоссия
_z20-21 век
_2nlr_sh
686 _aЩ956.419.1(2Р=Рус)
_vLBC/SL
_2rubbk
700 1 _9z01790
_aПарнес
_bД. Г.
_gДавид Григорьевич
_4070
702 1 _9z02790
_aОськина
_bС. Е.
_gСветлана Ефимовна
_4070
790 1 _9z01700
_aParnes
_bD. G.
_gDavid Grigor`evich
_4070
790 1 _9z02702
_aOs`kina
_bS. E.
_gSvetlana Efimovna
_4070
801 0 _aRU
_bNLR
_c20150313
_gPSBO
801 1 _aRU
_bNLR
_c20150313
_2rusmarc
801 2 _aRU
_bNLR
_c20190630
852 _aNLR
_bМ
_j2/4187
_pМОЭ 2002-3/76
_t1
852 _aNLR
_bМ
_j2/4187а
_pМОЭ 2002-3/76а
_t2
942 _cSCORE
980 _aNB
980 _aONIZ